| 000 | 00529nam a2200193Ia 4500 | ||
|---|---|---|---|
| 003 | GCL | ||
| 008 | 140319s9999 xx 000 0 eng d | ||
| 040 |
_aGCL / _cGCL |
||
| 082 | 0 | 4 |
_a320.9 _bS C |
| 100 | 1 | _aSIVAN, EMMANUEL | |
| 245 | 1 | 0 |
_aCOMMUNISME ET NATIONALISME EN ALGERIA 1920-1962 / _cSIVAN, EMMANUEL |
| 260 |
_a[S.N] : _bLA FONDATION NATIONALE DES SCIENCE POLIT ، _c1976 |
||
| 300 | _a261 P | ||
| 650 | 0 | 4 | _aPOLITICAL RIGHTS |
| 650 | 0 | 4 | _aCOMMUNISM |
| 650 | 0 | 4 | _aALGERIA |
| 650 | 0 | 4 | _aNATIONALISM |
| 942 |
_2ddc _cBK |
||
| 999 |
_c17252 _d17252 |
||